Normal view
MARC view
- البالية - تعليم
Entry Topical Term
001 - CONTROL NUMBER
- control field: 37307
003 - CONTROL NUMBER IDENTIFIER
- control field: JO-AjAnu
005 - DATE AND TIME OF LATEST TRANSACTION
- control field: 20230606080225.0
008 - FIXED-LENGTH DATA ELEMENTS
- fixed length control field: 230606|| aca||aabn | a|a d
040 ## - CATALOGING SOURCE
- Original cataloging agency: JO-AjAnu
- Transcribing agency: JO-AjAnu
150 ## - HEADING--TOPICAL TERM
- Topical term or geographic name entry element: البالية - تعليم
670 ## - SOURCE DATA FOUND
- Source citation: Work cat.: (JO-AjAnu)19144: تاليف مارا، ثاليا؛ ترجمة عزمي، عنايت؛ مراجعة وتقديم الغمراوي، نفيسة, author 37306, كيف تتعلمين البالية